| 000 | 00879nam a2200241 a 4500 | ||
|---|---|---|---|
| 005 | 20240924065817.0 | ||
| 008 | 190121s2016 mx r 000 0 spa d | ||
| 020 | _a9786077472186 | ||
| 035 | _aUPN01000228508 | ||
| 049 | _aCG | ||
| 050 | 4 |
_aHD58.82 _bW5.2 |
|
| 100 | 1 |
_aWhitmore, John, _cSir, _d1937- _938813 |
|
| 245 | 1 | 0 |
_aCoaching : _bel método para mejorar el rendimiento de las personas : los principios y la práctica del coaching y del liderazgo / _cJohn Whitmore ; tr. Montserrat Asencio Fernández. |
| 260 |
_aMéxico : _bPaidós, _cc2016. |
||
| 300 |
_a271 p. : _bil. |
||
| 440 | 0 | _aEmpresa | |
| 534 |
_pTítulo original: _tCoaching for performance : GROWing human potential and purpose |
||
| 650 | 4 | _aAPRENDIZAJE ORGANIZACIONAL | |
| 650 | 4 |
_aEmpleados _xCapacitación _9979 |
|
| 650 | 7 |
_aMotivación del empleado _2 _911081 |
|
| 905 | _aLibro | ||
| 999 |
_c200603 _d200603 |
||